| 000 | 00477nam a22001697a 4500 | ||
|---|---|---|---|
| 005 | 20240923103319.0 | ||
| 008 | 160519b xxu||||| |||| 00| 0 eng d | ||
| 020 | _a978-81-908762-4-7 | ||
| 041 | _aeng | ||
| 082 |
_b3339 _a516.3 |
||
| 100 |
_aSINHA, DR. K.C _98582 |
||
| 245 | _aCOORDINATE GEOMETRY FOR IIT-JEE/ AIEEE : based on new examination pattern | ||
| 260 |
_bEDUWISER PUBLISHING GROUP _c2010 |
||
| 300 | _a8.25;P | ||
| 650 |
_aDIPLOMA ENGINEERING _9817 |
||
| 942 | _cBK | ||
| 999 |
_c1144 _d1144 |
||